ARRUPE JESUIT UNIVERSITY

CORONAVIRUS -STOP THE SPREAD - CLEAN,DISINFECT,COVER
Normal view MARC view

Entry Topical Term

Number of records used in: 1

001 - CONTROL NUMBER

  • control field: 48045

003 - CONTROL NUMBER IDENTIFIER

  • control field: ARRUPE

005 - DATE AND TIME OF LATEST TRANSACTION

  • control field: 20190904114002.0

008 - FIXED-LENGTH DATA ELEMENTS

  • fixed length control field: 190904|| aca||aabn | a|a d

040 ## - CATALOGING SOURCE

  • Original cataloging agency: ARRUPE
  • Transcribing agency: ARRUPE

150 ## - HEADING--TOPICAL TERM

  • Topical term or geographic name as entry element: Zara Yaeqob
  • General subdivision: Hatata method

670 ## - SOURCE DATA FOUND

  • Source citation: Work cat.: (ARRUPE): Baramo, Tadele Wolde 48044, The relevance of the 'Hatata' method and the use of the light of reason in contemporary pluralistic society, 2019

 

Arrupe Library. PO Box MP320 Mt Pleasant, Harare, Zimbabwe
263 242 745411|librarian@aju.ac.zw